| 000 | 00438nam a2200193Ia 4500 | ||
|---|---|---|---|
| 005 | 20240823033512.0 | ||
| 008 | 240823s9999||||xx |||||||||||||| ||und|| | ||
| 020 | _a978-93-80240-22-0 | ||
| 041 | _aENGLISH | ||
| 082 | _A813.52 Q1 | ||
| 100 | _asukumaran | ||
| 245 | 0 | _aMouni padaippukal | |
| 250 | _a1st | ||
| 260 |
_c2011 _bKalasuvadu pathi |
||
| 500 | _aYES | ||
| 650 |
_aTamil Books _bGeneral |
||
| 942 | _cBK | ||
| 999 |
_c195969 _d195969 |
||